Countries That Spell Out A Different Country #2 - Statistics

General Stats
  • This quiz has been taken 365 times
  • The average score is 10 of 12
Answer Stats
Hint Answer % Correct
Salmon, Fjords, Vikings Norway
100%
Alps, Chocolate, Velcro Switzerland
96%
Lego, Ulrich, Lurpack Denmark
92%
Marathons, Addis Abba, Long Years Ethiopia
92%
Zazas, Mount Ararat, Efes Turkey
87%
Name of Country: Netherlands
86%
Couscous, Desert Rose, Sahara Algeria
85%
Lake Kivu, Kagame,Tutsis Rwanda
83%
Taino, L’Ouverture, Cock Fighting Haiti
74%
Forest, Ostvalds, Jufess Latvia
68%
Angam Day, Phosphate, Pleasant Islandas Nauru
56%
Buale, Malabo, Pico Basile Equatorial Guinea
55%
No matching quizzes found
Score Distribution
Percent of People with Each Score
Percentile by Number Answered
Your Score History
You have not taken this quiz